New York City Animals - Statistics

General Stats
  • This quiz has been taken 36 times
  • The average score is 13 of 15
Answer Stats
Picture Answer % Correct
Mouse
100%
Rabbit
100%
Red Fox
100%
Squirrel
100%
Pigeon
97%
Raccoon
97%
Turkey
97%
Skunk
93%
Coyote
90%
Cockroach
79%
Medicinal Leech
79%
Salamander
76%
Snowy Owl
72%
Terrapin
72%
Little Brown Bat
59%
No matching quizzes found
Score Distribution
Percent of People with Each Score
Percentile by Number Answered
Your Score History
You have not taken this quiz